Words Made From: Armenia - Statistics

General Stats
  • This quiz has been taken 91 times
  • The average score is 13 of 32
Answer Stats
Letters Answer % Correct
4 Name
72%
4 Amen
70%
4 Main
70%
4 Mare
69%
4 Rain
66%
4 Mane
64%
4 Mean
64%
4 Mine
62%
4 Near
61%
5 Ramen
59%
4 Mire
57%
4 Rime
54%
5 Mania
52%
4 Ream
49%
5 Miner
34%
4 Rein
33%
6 Remain
33%
6 Marine
31%
4 Aria
30%
4 Earn
28%
4 Area
25%
6 Anemia
23%
6 Marina
21%
5 Arena
18%
6 Airmen
16%
5 Anime
16%
4 Mana
16%
4 Mien
16%
6 Airman
13%
4 Emir
13%
5 Amine
11%
5 Anima
3%
No matching quizzes found
Score Distribution
Percent of People with Each Score
Percentile by Number Answered
Your Score History
You have not taken this quiz